[Event "Blitz 2018"]
[Site "Saint-Petersburg"]
[Date "2018.12.29"]
[Round "10"]
[Board "48"]
[White "Postny Evgeny (ISR)"]
[Black "Fridman Daniel (GER)"]
[Result "0-1"]
[LiveChessVersion "1.4.8"]
[BlackElo "2530"]
[WhiteElo "2657"]

1. d4 {[%clk 0:03:02]} d5 {[%clk 0:03:03]} 2. c4 {[%clk 0:03:03]} e6
{[%clk 0:03:03]} 3. Nf3 {[%clk 0:03:04]} Nf6 {[%clk 0:03:05]} 4. g3
{[%clk 0:03:03]} dxc4 {[%clk 0:03:05]} 5. Bg2 {[%clk 0:03:04]} c5
{[%clk 0:03:07]} 6. O-O {[%clk 0:03:00]} Nc6 {[%clk 0:03:08]} 7. dxc5
{[%clk 0:03:00]} Qxd1 {[%clk 0:03:08]} 8. Rxd1 {[%clk 0:03:00]} Bxc5
{[%clk 0:03:09]} 9. Nbd2 {[%clk 0:03:01]} c3 {[%clk 0:03:10]} 10. bxc3
{[%clk 0:03:02]} O-O {[%clk 0:03:09]} 11. Nb3 {[%clk 0:03:01]} Be7
{[%clk 0:03:09]} 12. Nfd4 {[%clk 0:02:48]} Bd7 {[%clk 0:03:10]} 13. Nxc6
{[%clk 0:02:46]} Bxc6 {[%clk 0:03:11]} 14. Bxc6 {[%clk 0:02:47]} bxc6
{[%clk 0:03:11]} 15. c4 {[%clk 0:02:46]} a5 {[%clk 0:03:12]} 16. Be3
{[%clk 0:02:45]} a4 {[%clk 0:03:07]} 17. Nd4 {[%clk 0:02:44]} Ra6
{[%clk 0:03:04]} 18. Rab1 {[%clk 0:02:40]} Ne4 {[%clk 0:03:02]} 19. Rb7
{[%clk 0:02:38]} Bf6 {[%clk 0:02:40]} 20. f3 {[%clk 0:02:24]} Nc3
{[%clk 0:02:37]} 21. Rd2 {[%clk 0:02:24]} h6 {[%clk 0:02:09]} 22. Kf1
{[%clk 0:01:59]} Rd8 {[%clk 0:02:07]} 23. a3 {[%clk 0:01:03]} Nd1
{[%clk 0:01:22]} 24. Rxd1 {[%clk 0:00:41]} c5 {[%clk 0:01:23]} 25. Bf2
{[%clk 0:00:20]} cxd4 {[%clk 0:01:20]} 26. c5 {[%clk 0:00:17]} Rc6
{[%clk 0:01:03]} 27. Rc1 {[%clk 0:00:17]} Rdc8 {[%clk 0:00:39]} 28. Rb5
{[%clk 0:00:14]} e5 {[%clk 0:00:39]} 29. Ra5 {[%clk 0:00:14]} Be7
{[%clk 0:00:38]} 30. Rxa4 {[%clk 0:00:14]} Rxc5 {[%clk 0:00:39]} 31. Rxc5
{[%clk 0:00:15]} Rxc5 {[%clk 0:00:40]} 32. f4 {[%clk 0:00:16]} exf4
{[%clk 0:00:33]} 33. gxf4 {[%clk 0:00:16]} Rc1+ {[%clk 0:00:34]} 34. Kg2
{[%clk 0:00:17]} Ra1 {[%clk 0:00:35]} 35. Ra8+ {[%clk 0:00:17]} Kh7
{[%clk 0:00:32]} 36. a4 {[%clk 0:00:18]} Ra2 {[%clk 0:00:25]} 37. Kf3
{[%clk 0:00:19]} Ra3+ {[%clk 0:00:25]} 38. Ke4 {[%clk 0:00:19]} Ra2
{[%clk 0:00:27]} 39. Kd3 {[%clk 0:00:17]} Bf6 {[%clk 0:00:22]} 40. a5
{[%clk 0:00:14]} Ra3+ {[%clk 0:00:14]} 41. Ke4 {[%clk 0:00:15]} Ra2
{[%clk 0:00:16]} 42. Kf3 {[%clk 0:00:12]} Ra3+ {[%clk 0:00:17]} 43. Ke4
{[%clk 0:00:12]} Ra2 {[%clk 0:00:18]} 44. Bxd4 {[%clk 0:00:07]} Rxe2+
{[%clk 0:00:18]} 45. Kf3 {[%clk 0:00:06]} Rxh2 {[%clk 0:00:19]} 46. Bxf6
{[%clk 0:00:06]} gxf6 {[%clk 0:00:20]} 47. Rc8 {[%clk 0:00:05]} Ra2
{[%clk 0:00:20]} 48. Rc5 {[%clk 0:00:06]} Kg6 {[%clk 0:00:20]} 49. Kg4
{[%clk 0:00:07]} Ra1 {[%clk 0:00:15]} 50. f5+ {[%clk 0:00:07]} Kg7
{[%clk 0:00:16]} 51. Kh4 {[%clk 0:00:07]} Ra4+ {[%clk 0:00:16]} 52. Kg3
{[%clk 0:00:08]} h5 {[%clk 0:00:17]} 53. Kf3 {[%clk 0:00:06]} Kh6
{[%clk 0:00:18]} 54. Ke3 {[%clk 0:00:07]} h4 {[%clk 0:00:18]} 55. Kf3
{[%clk 0:00:07]} Kg5 {[%clk 0:00:19]} 56. Kg2 {[%clk 0:00:07]} Kg4
{[%clk 0:00:19]} 57. Kf2 {[%clk 0:00:07]} h3 {[%clk 0:00:20]} 58. Kg1
{[%clk 0:00:08]} Ra3 {[%clk 0:00:15]} 59. Kh1 {[%clk 0:00:08]} Kg3
{[%clk 0:00:17]} 60. Rc1 {[%clk 0:00:08]} Rxa5 {[%clk 0:00:18]} 61. Rg1+
{[%clk 0:00:09]} Kh4 {[%clk 0:00:19]} 62. Rf1 {[%clk 0:00:09]} Kg4
{[%clk 0:00:20]} 63. Kh2 {[%clk 0:00:10]} Rxf5 {[%clk 0:00:20]} 64. Rg1+
{[%clk 0:00:11]} Kh4 {[%clk 0:00:21]} 65. Rg7 {[%clk 0:00:13]} Rf2+
{[%clk 0:00:21]} 66. Kh1 {[%clk 0:00:14]} f5 {[%clk 0:00:17]} 67. Rxf7
{[%clk 0:00:15]} f4 {[%clk 0:00:19]} 68. Rh7+ {[%clk 0:00:12]} Kg4
{[%clk 0:00:20]} 69. Rg7+ {[%clk 0:00:14]} Kf5 {[%clk 0:00:21]} 70. Rf7+
{[%clk 0:00:13]} Kg6 {[%clk 0:00:22]} 71. Ra7 {[%clk 0:00:14]} f3
{[%clk 0:00:21]} 72. Ra5 {[%clk 0:00:11]} Re2 {[%clk 0:00:19]} 73. Ra1
{[%clk 0:00:08]} f2 {[%clk 0:00:21]} 74. Kh2 {[%clk 0:00:07]} Re1
{[%clk 0:00:21]} 0-1

[Event "Blitz 2018"]
[Site "Saint-Petersburg"]
[Date "2018.12.29"]
[Round "10"]
[Board "49"]
[White "Huzman Alexander (ISR)"]
[Black "Van Foreest Jorden (NED)"]
[Result "1/2-1/2"]
[LiveChessVersion "1.4.8"]
[BlackElo "2657"]
[WhiteElo "2543"]

1. Nf3 {[%clk 0:03:02]} d5 {[%clk 0:03:03]} 2. e3 {[%clk 0:03:03]} Nf6
{[%clk 0:03:03]} 3. c4 {[%clk 0:03:05]} e6 {[%clk 0:03:04]} 4. b3
{[%clk 0:03:05]} c5 {[%clk 0:03:05]} 5. Bb2 {[%clk 0:03:04]} Nc6 {[%clk 0:03:03]}
6. cxd5 {[%clk 0:03:00]} exd5 {[%clk 0:03:03]} 7. Bb5 {[%clk 0:03:01]} d4
{[%clk 0:03:03]} 8. O-O {[%clk 0:02:56]} Bd6 {[%clk 0:02:39]} 9. exd4
{[%clk 0:02:51]} O-O {[%clk 0:01:57]} 10. dxc5 {[%clk 0:02:52]} Bxc5
{[%clk 0:01:58]} 11. d4 {[%clk 0:02:53]} Bd6 {[%clk 0:01:59]} 12. h3
{[%clk 0:02:45]} Nb4 {[%clk 0:02:00]} 13. Nc3 {[%clk 0:02:37]} a6
{[%clk 0:01:59]} 14. Be2 {[%clk 0:02:35]} h6 {[%clk 0:01:59]} 15. Ne5
{[%clk 0:02:35]} Be6 {[%clk 0:01:51]} 16. Bf3 {[%clk 0:02:34]} Nbd5
{[%clk 0:01:52]} 17. Nxd5 {[%clk 0:02:26]} Nxd5 {[%clk 0:01:39]} 18. Rc1
{[%clk 0:02:08]} Qg5 {[%clk 0:01:39]} 19. Kh1 {[%clk 0:01:55]} Rad8
{[%clk 0:01:39]} 20. Qc2 {[%clk 0:01:26]} f6 {[%clk 0:01:33]} 21. Nc4
{[%clk 0:01:27]} Bb8 {[%clk 0:01:31]} 22. Qd2 {[%clk 0:01:20]} Bf4
{[%clk 0:01:31]} 23. Qe2 {[%clk 0:01:22]} Rfe8 {[%clk 0:01:29]} 24. Rce1
{[%clk 0:01:23]} Bxh3 {[%clk 0:01:17]} 25. Qxe8+ {[%clk 0:01:17]} Rxe8
{[%clk 0:01:18]} 26. Rxe8+ {[%clk 0:01:18]} Kf7 {[%clk 0:01:19]} 27. Rfe1
{[%clk 0:01:15]} Bd7 {[%clk 0:00:54]} 28. Rd8 {[%clk 0:01:11]} Bc6
{[%clk 0:00:40]} 29. Kg1 {[%clk 0:01:12]} Bc7 {[%clk 0:00:40]} 30. Nd6+
{[%clk 0:00:57]} Bxd6 {[%clk 0:00:36]} 31. Rxd6 {[%clk 0:00:58]} Nf4
{[%clk 0:00:31]} 32. Bxc6 {[%clk 0:00:42]} bxc6 {[%clk 0:00:32]} 33. g3
{[%clk 0:00:43]} Nd3 {[%clk 0:00:31]} 34. Rd7+ {[%clk 0:00:45]} Kg8
{[%clk 0:00:30]} 35. Re8+ {[%clk 0:00:45]} Kh7 {[%clk 0:00:31]} 36. Ba3
{[%clk 0:00:41]} Qf5 {[%clk 0:00:32]} 37. Ree7 {[%clk 0:00:38]} Qxf2+
{[%clk 0:00:32]} 38. Kh1 {[%clk 0:00:39]} Qf3+ {[%clk 0:00:31]} 39. Kh2
{[%clk 0:00:41]} Qh5+ {[%clk 0:00:22]} 40. Kg2 {[%clk 0:00:33]} Kh8
{[%clk 0:00:16]} 41. Rd8+ {[%clk 0:00:30]} Kh7 {[%clk 0:00:18]} 42. Rdd7
{[%clk 0:00:32]} Kh8 {[%clk 0:00:08]} 43. Rd8+ {[%clk 0:00:33]} Kh7
{[%clk 0:00:10]} 44. Rdd7 {[%clk 0:00:34]} Qg4 {[%clk 0:00:09]} 45. Rxg7+
{[%clk 0:00:34]} Qxg7 {[%clk 0:00:11]} 46. Rxg7+ {[%clk 0:00:35]} Kxg7
{[%clk 0:00:12]} 47. Kf3 {[%clk 0:00:36]} Ne1+ {[%clk 0:00:12]} 48. Ke4
{[%clk 0:00:37]} Kf7 {[%clk 0:00:11]} 49. Bb4 {[%clk 0:00:36]} Nc2
{[%clk 0:00:09]} 50. Bc5 {[%clk 0:00:35]} Ke6 {[%clk 0:00:10]} 51. a4
{[%clk 0:00:36]} f5+ {[%clk 0:00:10]} 52. Kd3 {[%clk 0:00:37]} Ne1+
{[%clk 0:00:12]} 53. Ke2 {[%clk 0:00:39]} Nc2 {[%clk 0:00:10]} 54. Kd2
{[%clk 0:00:39]} Na1 {[%clk 0:00:09]} 55. Kc3 {[%clk 0:00:40]} h5
{[%clk 0:00:10]} 56. Kb2 {[%clk 0:00:40]} f4 {[%clk 0:00:10]} 57. gxf4
{[%clk 0:00:41]} h4 {[%clk 0:00:11]} 58. d5+ {[%clk 0:00:37]} cxd5
{[%clk 0:00:12]} 59. Kxa1 {[%clk 0:00:36]} Kf5 {[%clk 0:00:13]} 60. Kb2
{[%clk 0:00:36]} Ke4 {[%clk 0:00:05]} 61. Kc3 {[%clk 0:00:32]} h3
{[%clk 0:00:06]} 62. Bg1 {[%clk 0:00:33]} d4+ {[%clk 0:00:07]} 63. Kd2
{[%clk 0:00:33]} Kxf4 {[%clk 0:00:06]} 64. Bh2+ {[%clk 0:00:29]} Ke4
{[%clk 0:00:07]} 65. Ke2 {[%clk 0:00:30]} a5 {[%clk 0:00:06]} 66. Kd2
{[%clk 0:00:31]} d3 {[%clk 0:00:05]} 67. Bg1 {[%clk 0:00:25]} Kf3
{[%clk 0:00:06]} 68. Bh2 {[%clk 0:00:25]} Ke4 {[%clk 0:00:08]} 69. Bb8
{[%clk 0:00:21]} Kd4 {[%clk 0:00:09]} 70. Bc7 {[%clk 0:00:22]} Ke4
{[%clk 0:00:08]} 71. Bd6 {[%clk 0:00:15]} Kd4 {[%clk 0:00:08]} 72. Bb8
{[%clk 0:00:13]} Ke4 {[%clk 0:00:09]} 73. Bc7 {[%clk 0:00:09]} Ke5 1/2-1/2

[Event "Blitz 2018"]
[Site "Saint-Petersburg"]
[Date "2018.12.29"]
[Round "10"]
[Board "50"]
[White "Amonatov Farrukh (TJK)"]
[Black "Belozerov Andrei (RUS)"]
[Result "0-1"]
[LiveChessVersion "1.4.8"]
[BlackElo "2518"]
[WhiteElo "2656"]

1. e4 {[%clk 0:03:03]} c6 {[%clk 0:03:04]} 2. Nc3 {[%clk 0:03:01]} d5
{[%clk 0:03:05]} 3. Qf3 {[%clk 0:03:02]} e5 {[%clk 0:02:59]} 4. exd5
{[%clk 0:02:58]} Nf6 {[%clk 0:02:59]} 5. dxc6 {[%clk 0:02:56]} Nxc6
{[%clk 0:03:00]} 6. Bb5 {[%clk 0:02:57]} Bd7 {[%clk 0:03:00]} 7. Nge2
{[%clk 0:02:57]} Nb4 {[%clk 0:02:45]} 8. O-O {[%clk 0:02:36]} Nxc2
{[%clk 0:02:42]} 9. Rb1 {[%clk 0:02:37]} Be7 {[%clk 0:02:25]} 10. Qxb7
{[%clk 0:02:21]} O-O {[%clk 0:02:15]} 11. Bxd7 {[%clk 0:02:21]} Nxd7
{[%clk 0:02:15]} 12. Nd5 {[%clk 0:02:02]} Bc5 {[%clk 0:01:58]} 13. b4
{[%clk 0:01:49]} Rb8 {[%clk 0:01:24]} 14. Qa6 {[%clk 0:01:36]} Nxb4
{[%clk 0:01:15]} 15. Nxb4 {[%clk 0:01:37]} Bxb4 {[%clk 0:01:08]} 16. d4
{[%clk 0:01:31]} exd4 {[%clk 0:00:55]} 17. Nxd4 {[%clk 0:01:32]} Rb6
{[%clk 0:00:55]} 18. Qxa7 {[%clk 0:01:13]} Bc5 {[%clk 0:00:54]} 19. Rxb6
{[%clk 0:01:00]} Bxd4 {[%clk 0:00:52]} 20. Rd1 {[%clk 0:00:55]} Qh4
{[%clk 0:00:11]} 21. g3 {[%clk 0:00:23]} Qg4 {[%clk 0:00:11]} 22. Qa4
{[%clk 0:00:20]} Bxf2+ {[%clk 0:00:12]} 23. Kxf2 {[%clk 0:00:20]} Qxa4
{[%clk 0:00:13]} 24. Rbd6 {[%clk 0:00:20]} Nf6 {[%clk 0:00:14]} 25. Bf4
{[%clk 0:00:18]} Ne4+ {[%clk 0:00:14]} 0-1

[Event "Blitz 2018"]
[Site "Saint-Petersburg"]
[Date "2018.12.29"]
[Round "10"]
[Board "51"]
[White "Zubritskiy Artyom (RUS)"]
[Black "Bosiocic Marin (CRO)"]
[Result "1/2-1/2"]
[LiveChessVersion "1.4.8"]
[BlackElo "2653"]
[WhiteElo "2513"]

1. d4 {[%clk 0:03:03]} d6 {[%clk 0:03:03]} 2. Nf3 {[%clk 0:03:03]} g6
{[%clk 0:03:04]} 3. g3 {[%clk 0:03:03]} Bg7 {[%clk 0:03:04]} 4. Bg2
{[%clk 0:03:04]} Nf6 {[%clk 0:03:05]} 5. c4 {[%clk 0:03:06]} c6 {[%clk 0:03:05]}
6. O-O {[%clk 0:03:06]} O-O {[%clk 0:03:06]} 7. Nc3 {[%clk 0:03:07]} Bf5
{[%clk 0:03:07]} 8. b3 {[%clk 0:02:10]} Ne4 {[%clk 0:03:08]} 9. Bb2
{[%clk 0:02:11]} Nxc3 {[%clk 0:03:09]} 10. Bxc3 Be4 11. Qd2 {[%clk 0:02:10]} Nd7
{[%clk 0:03:10]} 12. Rfd1 {[%clk 0:01:12]} Nf6 {[%clk 0:03:11]} 13. Bh3
{[%clk 0:01:03]} Bxf3 {[%clk 0:03:03]} 14. exf3 {[%clk 0:01:04]} d5
{[%clk 0:03:05]} 15. a4 {[%clk 0:00:52]} e6 {[%clk 0:03:04]} 16. a5
{[%clk 0:00:49]} a6 {[%clk 0:03:06]} 17. Bf1 {[%clk 0:00:44]} Qc7
{[%clk 0:03:02]} 18. Qb2 {[%clk 0:00:38]} Rad8 {[%clk 0:02:59]} 19. Rac1
{[%clk 0:00:34]} Ne8 {[%clk 0:02:52]} 20. Bb4 {[%clk 0:00:27]} Nd6
{[%clk 0:02:51]} 21. f4 {[%clk 0:00:20]} Rfe8 {[%clk 0:02:49]} 22. Bxd6
{[%clk 0:00:18]} Qxd6 {[%clk 0:02:47]} 23. c5 {[%clk 0:00:20]} Qe7
{[%clk 0:02:42]} 24. Re1 {[%clk 0:00:18]} g5 {[%clk 0:02:29]} 25. fxg5
{[%clk 0:00:19]} Qxg5 {[%clk 0:02:29]} 26. f4 {[%clk 0:00:19]} Qf6
{[%clk 0:02:23]} 27. Rcd1 {[%clk 0:00:21]} Kf8 {[%clk 0:02:20]} 28. Qd2
{[%clk 0:00:20]} Ke7 {[%clk 0:02:11]} 29. Qb4 {[%clk 0:00:21]} Rd7
{[%clk 0:02:07]} 30. Bg2 {[%clk 0:00:11]} h5 {[%clk 0:01:58]} 31. h4
{[%clk 0:00:10]} Rg8 {[%clk 0:01:49]} 32. Re3 {[%clk 0:00:10]} Bh6
{[%clk 0:01:41]} 33. Qe1 {[%clk 0:00:07]} Kd8 {[%clk 0:01:36]} 34. Qf2
{[%clk 0:00:06]} Kc8 {[%clk 0:01:32]} 35. Re5 {[%clk 0:00:07]} Rdd8
{[%clk 0:01:17]} 36. Rxh5 {[%clk 0:00:06]} Rg7 {[%clk 0:01:19]} 37. Re1
{[%clk 0:00:03]} Rdg8 {[%clk 0:01:19]} 38. Rg5 {[%clk 0:00:04]} Bxg5
{[%clk 0:01:18]} 39. fxg5 {[%clk 0:00:03]} Qxf2+ {[%clk 0:01:14]} 40. Kxf2
{[%clk 0:00:04]} Rh7 {[%clk 0:01:09]} 41. Bh3 {[%clk 0:00:05]} Kd8
{[%clk 0:01:07]} 42. Kg2 {[%clk 0:00:05]} Rhg7 {[%clk 0:00:58]} 43. Re3
{[%clk 0:00:06]} Ke7 {[%clk 0:00:57]} 44. Kf2 {[%clk 0:00:06]} Rh7
{[%clk 0:00:58]} 45. Bf5 {[%clk 0:00:06]} Rhh8 {[%clk 0:00:58]} 46. Bg4
{[%clk 0:00:06]} Rg6 {[%clk 0:00:57]} 47. Bf5 {[%clk 0:00:07]} Rg7
{[%clk 0:00:58]} 48. Bg4 {[%clk 0:00:07]} Kd8 {[%clk 0:00:59]} 49. Kf3
{[%clk 0:00:08]} Rhh7 {[%clk 0:00:57]} 50. Kf4 {[%clk 0:00:08]} Rh8
{[%clk 0:00:57]} 51. Ke5 {[%clk 0:00:08]} Ke7 {[%clk 0:00:57]} 52. Rf3
{[%clk 0:00:09]} Rg6 {[%clk 0:00:55]} 53. Rf4 {[%clk 0:00:07]} Rf8
{[%clk 0:00:49]} 54. Rf6 {[%clk 0:00:05]} Rfg8 {[%clk 0:00:49]} 55. Bh5
{[%clk 0:00:04]} Rxf6 {[%clk 0:00:39]} 56. gxf6+ {[%clk 0:00:05]} Kf8
{[%clk 0:00:39]} 57. g4 {[%clk 0:00:05]} Rh8 {[%clk 0:00:38]} 58. Kf4
{[%clk 0:00:04]} Rh7 {[%clk 0:00:33]} 59. Kg5 {[%clk 0:00:04]} Kg8
{[%clk 0:00:31]} 60. Kf4 {[%clk 0:00:05]} Kf8 {[%clk 0:00:32]} 61. Kg5
{[%clk 0:00:06]} Ke8 {[%clk 0:00:30]} 62. Kf4 {[%clk 0:00:07]} Kd8
{[%clk 0:00:31]} 63. Ke5 {[%clk 0:00:07]} Kd7 {[%clk 0:00:31]} 64. Bxf7
{[%clk 0:00:07]} Rxf7 {[%clk 0:00:31]} 65. g5 {[%clk 0:00:08]} Rh7
{[%clk 0:00:21]} 66. g6 {[%clk 0:00:05]} Rh5+ {[%clk 0:00:22]} 67. Kf4
{[%clk 0:00:07]} Rf5+ {[%clk 0:00:22]} 68. Kg4 {[%clk 0:00:08]} Ke8
{[%clk 0:00:17]} 69. f7+ {[%clk 0:00:04]} Kf8 {[%clk 0:00:18]} 70. h5
{[%clk 0:00:04]} Kg7 {[%clk 0:00:18]} 71. Kh4 {[%clk 0:00:05]} Kh6
{[%clk 0:00:16]} 72. Kg4 {[%clk 0:00:06]} Rf1 {[%clk 0:00:17]} 73. Kg3
{[%clk 0:00:05]} Rf5 {[%clk 0:00:17]} 74. Kg4 {[%clk 0:00:07]} Rg5+
{[%clk 0:00:17]} 75. Kf4 {[%clk 0:00:07]} Rf5+ {[%clk 0:00:17]} 76. Kg4 1/2-1/2

[Event "Blitz 2018"]
[Site "Saint-Petersburg"]
[Date "2018.12.29"]
[Round "10"]
[Board "52"]
[White "Zvjaginsev Vadim (RUS)"]
[Black "Salgado Lopez Ivan (ESP)"]
[Result "1/2-1/2"]
[LiveChessVersion "1.4.8"]
[BlackElo "2513"]
[WhiteElo "2649"]

1. e4 {[%clk 0:03:03]} c5 {[%clk 0:03:03]} 2. Nc3 {[%clk 0:03:01]} Nc6
{[%clk 0:03:04]} 3. Bb5 {[%clk 0:03:03]} Nd4 {[%clk 0:03:04]} 4. Nf3
{[%clk 0:03:04]} a6 {[%clk 0:03:06]} 5. Bd3 {[%clk 0:03:04]} g6 {[%clk 0:03:05]}
6. Nxd4 {[%clk 0:03:04]} cxd4 {[%clk 0:03:06]} 7. Ne2 {[%clk 0:03:04]} d5
{[%clk 0:03:05]} 8. O-O {[%clk 0:02:59]} dxe4 {[%clk 0:03:05]} 9. Bxe4
{[%clk 0:03:00]} Nf6 {[%clk 0:03:03]} 10. Bf3 {[%clk 0:03:00]} d3
{[%clk 0:02:58]} 11. cxd3 {[%clk 0:02:56]} Qxd3 {[%clk 0:02:54]} 1/2-1/2

[Event "Blitz 2018"]
[Site "Saint-Petersburg"]
[Date "2018.12.29"]
[Round "10"]
[Board "53"]
[White "Salem A.R. Saleh (UAE)"]
[Black "Carlsson Pontus (SWE)"]
[Result "1-0"]
[LiveChessVersion "1.4.8"]
[BlackElo "2511"]
[WhiteElo "2645"]

1. d4 {[%clk 0:03:02]} e6 {[%clk 0:03:02]} 2. c4 {[%clk 0:03:02]} Nf6
{[%clk 0:03:03]} 3. Nf3 {[%clk 0:03:03]} b6 {[%clk 0:03:03]} 4. a3
{[%clk 0:03:03]} Ba6 {[%clk 0:03:03]} 5. Qc2 {[%clk 0:03:02]} Bb7
{[%clk 0:03:02]} 6. Nc3 {[%clk 0:02:57]} c5 {[%clk 0:03:03]} 7. d5
{[%clk 0:02:52]} exd5 {[%clk 0:03:00]} 8. cxd5 {[%clk 0:02:53]} Nxd5
{[%clk 0:02:59]} 9. Nxd5 {[%clk 0:02:38]} Bxd5 {[%clk 0:02:59]} 10. e4
{[%clk 0:02:39]} Be6 {[%clk 0:03:00]} 11. Bd3 {[%clk 0:02:25]} Nc6
{[%clk 0:02:53]} 12. e5 {[%clk 0:02:07]} h6 {[%clk 0:02:39]} 13. Bf4
{[%clk 0:02:06]} Be7 {[%clk 0:02:25]} 14. Rd1 {[%clk 0:02:05]} Qc7
{[%clk 0:02:08]} 15. O-O {[%clk 0:01:19]} g5 {[%clk 0:02:02]} 16. Bg3
{[%clk 0:01:15]} h5 {[%clk 0:02:01]} 17. h4 {[%clk 0:01:12]} gxh4
{[%clk 0:01:47]} 18. Nxh4 {[%clk 0:01:10]} Nd4 {[%clk 0:01:19]} 19. Qc1
{[%clk 0:00:57]} O-O-O {[%clk 0:01:08]} 20. b4 {[%clk 0:00:34]} Rhg8
{[%clk 0:01:04]} 21. Qe3 {[%clk 0:00:27]} Rg4 {[%clk 0:00:53]} 22. Nf3
{[%clk 0:00:24]} Kb8 {[%clk 0:00:43]} 23. Be4 {[%clk 0:00:16]} Rdg8
{[%clk 0:00:35]} 24. Nxd4 {[%clk 0:00:17]} cxd4 {[%clk 0:00:36]} 25. Rxd4
{[%clk 0:00:18]} h4 {[%clk 0:00:30]} 26. Bf4 {[%clk 0:00:15]} Bg5
{[%clk 0:00:26]} 27. Bxg5 {[%clk 0:00:14]} R4xg5 {[%clk 0:00:21]} 28. f4
{[%clk 0:00:10]} Rg3 {[%clk 0:00:22]} 29. Qd2 {[%clk 0:00:06]} h3
{[%clk 0:00:17]} 30. Rf2 {[%clk 0:00:06]} hxg2 {[%clk 0:00:16]} 31. Rxg2
{[%clk 0:00:07]} Rxg2+ {[%clk 0:00:15]} 32. Bxg2 {[%clk 0:00:08]} Qc6
{[%clk 0:00:12]} 33. Kh2 {[%clk 0:00:06]} Qc8 {[%clk 0:00:08]} 34. Rd6
{[%clk 0:00:05]} Qc4 {[%clk 0:00:05]} 35. Rd4 {[%clk 0:00:05]} Qc8
{[%clk 0:00:06]} 36. Rd6 {[%clk 0:00:04]} Qc4 {[%clk 0:00:07]} 37. Qe3
{[%clk 0:00:05]} Rg4 {[%clk 0:00:05]} 38. Rxb6+ {[%clk 0:00:04]} Kc8
{[%clk 0:00:03]} 39. Rd6 {[%clk 0:00:04]} Qxf4+ {[%clk 0:00:00]} 40. Qxf4
{[%clk 0:00:04]} Rxf4 {[%clk 0:00:00]} 41. Ra6 {[%clk 0:00:04]} Kb8 1-0

[Event "Blitz 2018"]
[Site "Saint-Petersburg"]
[Date "2018.12.29"]
[Round "10"]
[Board "54"]
[White "Jakovenko Dmitry (RUS)"]
[Black "Bilguun Sumiya (MGL)"]
[Result "1-0"]
[LiveChessVersion "1.4.8"]
[BlackElo "2469"]
[WhiteElo "2616"]

1. e4 {[%clk 0:03:03]} c5 {[%clk 0:03:03]} 2. Nf3 {[%clk 0:03:04]} e6
{[%clk 0:03:04]} 3. d4 {[%clk 0:03:05]} cxd4 {[%clk 0:03:05]} 4. Nxd4
{[%clk 0:03:06]} a6 {[%clk 0:03:06]} 5. Bd3 {[%clk 0:03:06]} g6 {[%clk 0:03:05]}
6. O-O {[%clk 0:02:56]} Bg7 {[%clk 0:03:06]} 7. Be3 {[%clk 0:02:56]} Nf6
{[%clk 0:03:01]} 8. c4 {[%clk 0:02:52]} d6 {[%clk 0:03:01]} 9. Nc3
{[%clk 0:02:51]} O-O {[%clk 0:03:01]} 10. Qe2 {[%clk 0:02:45]} Nbd7
{[%clk 0:02:48]} 11. Rad1 {[%clk 0:02:45]} Qc7 {[%clk 0:02:49]} 12. f4
{[%clk 0:02:22]} b6 {[%clk 0:02:50]} 13. Kh1 {[%clk 0:02:23]} Bb7
{[%clk 0:02:43]} 14. Bg1 {[%clk 0:02:17]} Rae8 {[%clk 0:02:39]} 15. Nf3
{[%clk 0:02:07]} Nc5 {[%clk 0:02:22]} 16. Bb1 {[%clk 0:02:08]} Nh5
{[%clk 0:02:04]} 17. Qe3 {[%clk 0:01:53]} f5 {[%clk 0:01:46]} 18. Nd2
{[%clk 0:01:34]} Nf6 {[%clk 0:01:44]} 19. b4 {[%clk 0:01:30]} Ncd7
{[%clk 0:01:27]} 20. Qd3 {[%clk 0:01:25]} Rc8 {[%clk 0:01:17]} 21. Rfe1
{[%clk 0:01:17]} Rfe8 {[%clk 0:01:08]} 22. a3 {[%clk 0:01:12]} b5
{[%clk 0:01:09]} 23. Ba2 {[%clk 0:00:39]} bxc4 {[%clk 0:00:51]} 24. Nxc4
{[%clk 0:00:35]} d5 {[%clk 0:00:47]} 25. exd5 {[%clk 0:00:35]} Nxd5
{[%clk 0:00:39]} 26. Rxe6 {[%clk 0:00:24]} Rxe6 {[%clk 0:00:24]} 27. Nxd5
{[%clk 0:00:25]} Qb8 {[%clk 0:00:21]} 28. Ncb6 {[%clk 0:00:18]} Nxb6
{[%clk 0:00:14]} 29. Nxb6 {[%clk 0:00:17]} Rce8 {[%clk 0:00:14]} 30. Qd7
{[%clk 0:00:12]} Bc8 {[%clk 0:00:04]} 31. Qxe8+ {[%clk 0:00:12]} 1-0